| 000 | 00674nam a2200241Ia 4500 | ||
|---|---|---|---|
| 001 | Z_2742 | ||
| 008 | 220113s1990 xx 000 0 und d | ||
| 010 | _a165802 | ||
| 082 | _a633.2 H49 | ||
| 100 |
_aHerrera, R. S. _954973 |
||
| 245 |
_aKing grass : plantación, establecimiento y manejo en Cuba / _cpor R. S. Herrera... / _cy otros / _c |
||
| 260 |
_aLa Habana : _bInstituto de Ciencia Animal, _c1990 |
||
| 300 | _a242 p. | ||
| 440 | _a | ||
| 500 | _a | ||
| 503 | _a | ||
| 650 |
_aPastos _xCuba 2 Pennisetum purpureum I. Institutode Ciencia Animal II. t. _9139825 |
||
| 901 | _a633.2 H49 | ||
| 902 | _aA | ||
| 910 | _a1990 | ||
| 942 | _cc1 | ||
| 999 |
_c165802 _d165802 |
||